Greek Cuisine - Sudden Death - Statistics

General Stats
  • This quiz has been taken 28 times
  • The average score is 8 of 16
Answers on the Grid
Answers color-coded by a green-red scale on the quiz's grid according to % correct below.
Kuru Fasulye
Pączki
Saganaki
Païdakia
Cranachan
Gyros
Souvlaki
Strapatsada
Pastitsio
Pörkölt
Timpana
Pastrmajlija
Stifado
Fërgesë
Moussaka
Banitsa
Keftedakia
Galatopita
Youvarlakia
Bakaliaros
Pide
Fesenjān
Kreatopita
Makdous
Manakish
Skordalia
Ker Sangri
Tsoureki
Manti
Psarosoupa
 
Answer Stats
Answer % Correct
Souvlaki
89%
Gyros
82%
Moussaka
82%
Keftedakia
57%
Tsoureki
57%
Youvarlakia
54%
Galatopita
50%
Saganaki
50%
Bakaliaros
46%
Kreatopita
46%
Psarosoupa
43%
Païdakia
32%
Pastitsio
32%
Stifado
32%
Strapatsada
32%
Skordalia
21%
No matching quizzes found
Score Distribution
Percent of People with Each Score
Percentile by Number Answered
Your Score History
You have not taken this quiz